000 00600nam a2200205Ia 4500
001 769
003 GE_BSU
008 181216s||||||||xx |||||||||||||| ||und||
040 _cGE_BSU
080 _a003.334.2
100 _aპატარიძე, რამაზ
245 _aქართული მწიგნობრობა.
245 _cრედ. გურამ ბუხნიკაშვილი
260 _aთბილისი
260 _c1989
300 _a32 გვ.
541 _h2 ლ.
653 _aქართული დამწერლობა
942 _cBK
999 _c34941
_d34941